La paz del Manganeso / (Record no. 75519)

MARC details
000 -LEADER
campo de control de longitud fija 00577nam a2200181 i 4500
001 - NÚMERO DE CONTROL
campo de control 75519
003 - IDENTIFICADOR DE NÚMERO DE CONTROL
campo de control ES-MaACL
005 - FECHA Y HORA DE LA ÚLTIMA TRANSACCIÓN
campo de control 20230906172506.0
007 - CAMPO FIJO DE DESCRIPCIÓN FÍSICA--INFORMACIÓN GENERAL
campo de control de longitud fija t|
008 - DATOS DE LONGITUD FIJA--INFORMACIÓN GENERAL
campo de control de longitud fija 040924s1939 cu ||||1| spa d
100 1# - ENTRADA PRINCIPAL--NOMBRE DE PERSONA
Nombre de persona Granda, Manuel J. de.
9 (RLIN) 59574
245 13 - MENCIÓN DEL TÍTULO
Título La paz del Manganeso /
Mención de responsabilidad, etc. por Manuel J. de Granda.
260 ## - PUBLICACIÓN, DISTRIBUCIÓN, ETC.
Lugar de publicación, distribución, etc. La Habana :
Nombre del editor, distribuidor, etc. [s.n.,
Fecha de publicación, distribución, etc. 1939] (
Fabricante Imp. A. Muñiz y Hnos.)
300 ## - DESCRIPCIÓN FÍSICA
Extensión XI, 132 p. ;
Dimensiones 24 cm.
500 ## - NOTA GENERAL
Nota general Precede al tit.: Academia de la Historia de Cuba.
710 2# - ENTRADA AGREGADA--NOMBRE DE ENTIDAD CORPORATIVA
Nombre de entidad corporativa o nombre de jurisdicción como elemento de entrada Academia de la Historia de Cuba.
9 (RLIN) 1183
852 ## - LOCALIZACIÓN
Ubicación ES-MaACL
Número de control de estantería A-51735
Sublocalización o colección R.18096
Holdings
Estatus retirado Estado de pérdida Estado de daño No para préstamo Biblioteca de origen Biblioteca actual Ubicación en estantería Fecha de adquisición Fuente de adquisición Total de préstamos Signatura topográfica completa Código de barras Visto por última vez Precio de reemplazo Tipo de ítem Koha
        Biblioteca del Ateneo de Madrid Biblioteca del Ateneo de Madrid Sala Pecera Planta 1 17/01/2008     A-51735 1079045 23/02/2023 23/02/2023 Libro impreso